000 01255nam a22003737a 4500
003 CHAP
005 20220329143345.0
008 081203s2005 mx r 00010 spa d
010 _a95457
011 _a96429
020 _a9683618944
035 _a107082
040 _cCHAP
082 0 4 _a510
_bB63y
100 1 _aBolzano, Bernard
_913615
245 1 4 _aLas paradojas del infinito
_c/por Bernard Bolzano
260 _aMéxico :
_bMathema,
_c1991
300 _axxiii, 129 p. :
_bgráfs.
490 0 _aColección : Mathema
500 _aTraducción de : Paradoxien des unendlichen, 1 ed. 1851
590 _aBATCH-UPD
_b10
_c20130110
_lUCH01
_h0448
590 _aBATCH-UPD
_b10
_c20130410
_lUCH01
_h0124
590 _aBATCH-UPD
_b10
_c20130914
_lUCH01
_h0655
590 _aCONVERSION
_b10
_c20130109
_lUCH01
_h1353
650 1 4 _aConocimiento, Teoría del.
_927232
650 1 4 _aMatemáticas
_xFilosofía.
_972905
650 1 4 _aPensamiento.
_986728
650 1 4 _aProbabilidad.
_991685
830 0 _aColección : Mathema
_924672
901 _aBK
942 _cLIBRO
949 _a510 B63y
_bBC
_cLIBRO
_d33724002077025
_eLIBRO
_gI.c/e
_h109986
_i107082
_sb
_t$100.00
949 _a510 B63y
_bBC
_cLIBRO
_d33724002077066
_eLIBRO
_fc.2
_gI.c/e
_h109987
_i107082
_si
_t$100.00
999 _c95457
_d95457